000 00320nam a22001457a 4500
008 240126b ||||| |||| 00| 0 eng d
020 _a0045500274
041 _aeng
080 _21981
_a521
082 _a521BRO
100 _a19
101 _aASTRO
245 _aTHE INACCESSIBLE EARTH
_cG.C.BROWN
942 _2udc
_cBK
999 _c60557
_d60557